header

Science and technology of interfaces : (Record no. 97924)

MARC details
000 -LEADER
fixed length control field 02081nam a2200421 i 4500
001 - CONTROL NUMBER
control field ebr10851670
003 - CONTROL NUMBER IDENTIFIER
control field CaPaEBR
006 - FIXED-LENGTH DATA ELEMENTS--ADDITIONAL MATERIAL CHARACTERISTICS--GENERAL INFORMATION
fixed length control field m o d
007 - PHYSICAL DESCRIPTION FIXED FIELD--GENERAL INFORMATION
fixed length control field cr cn|||||||||
008 - FIXED-LENGTH DATA ELEMENTS--GENERAL INFORMATION
fixed length control field 140405t20022002pau ob 001 0 eng d
020 ## - INTERNATIONAL STANDARD BOOK NUMBER
Cancelled/invalid ISBN 9781118000496
International Standard Book Number 9781118788127 (e-book)
040 ## - CATALOGING SOURCE
Original cataloging agency CaPaEBR
Language of cataloging eng
Description conventions rda
-- pn
Transcribing agency CaPaEBR
035 ## - SYSTEM CONTROL NUMBER
System control number (OCoLC)878149564
050 14 - LIBRARY OF CONGRESS CALL NUMBER
Classification number QC173.4.I57
Item number . S32 2002eb
082 04 - DEWEY DECIMAL CLASSIFICATION NUMBER
Classification number 530.4/17
Edition number 21
245 00 - TITLE STATEMENT
Title Science and technology of interfaces :
Remainder of title international symposium honoring the contributions of Dr. Bhakta Rath /
Statement of responsibility, etc edited by S. Ankem, [and others].
264 #1 - PRODUCTION, PUBLICATION, DISTRIBUTION, MANUFACTURE, AND COPYRIGHT NOTICE
Place of production, publication, distribution, manufacture Warrendale, Pennsylvania :
Name of producer, publisher, distributor, manufacturer The Minerals, Metals & Society Society,
Date of production, publication, distribution, manufacture, or copyright notice 2002.
Date of production, publication, distribution, manufacture, or copyright notice �2002
300 ## - PHYSICAL DESCRIPTION
Extent 1 online resource (427 pages)
336 ## - CONTENT TYPE
Content type term text
Source rdacontent
337 ## - MEDIA TYPE
Media type term computer
Source rdamedia
338 ## - CARRIER TYPE
Carrier type term online resource
Source rdacarrier
504 ## - BIBLIOGRAPHY, ETC. NOTE
Bibliography, etc Includes bibliographical references and indexes.
588 ## - SOURCE OF DESCRIPTION NOTE
Source of description note Description based on print version record.
590 ## - LOCAL NOTE (RLIN)
Local note Electronic reproduction. Palo Alto, Calif. : ebrary, 2014. Available via World Wide Web. Access may be limited to ebrary affiliated libraries.
600 10 - SUBJECT ADDED ENTRY--PERSONAL NAME
Personal name Rath, B. B.
650 #0 - SUBJECT ADDED ENTRY--TOPICAL TERM
Topical term or geographic name as entry element Interfaces (Physical sciences)
Form subdivision Congresses.
655 #0 - INDEX TERM--GENRE/FORM
Genre/form data or focus term Electronic books.
700 1# - ADDED ENTRY--PERSONAL NAME
Personal name Ankem, S.
Fuller form of name (Sreeramamurthy),
Relator term author.
710 2# - ADDED ENTRY--CORPORATE NAME
Corporate name or jurisdiction name as entry element TMS Physical Metallurgy Committee.
Corporate name or jurisdiction name as entry element Metallurgical Society of AIME.
Subordinate unit Titanium Committee.
Corporate name or jurisdiction name as entry element Minerals, Metals and Materials Society.
Subordinate unit Mechanical Behavior Committee.
Corporate name or jurisdiction name as entry element Minerals, Metals and Materials Society.
Subordinate unit Annual Meeting Annual Meeting
Number of part/section/meeting (131st :
Date of meeting or treaty signing 2002 :
Location of meeting Seattle, Washington)
776 08 - ADDITIONAL PHYSICAL FORM ENTRY
Display text Print version:
Title Science and technology of interfaces : international symposium honoring the contributions of Dr. Bhakta Rath.
Place, publisher, and date of publication Warrendale, Pennsylvania : The Minerals, Metals & Society Society, c1996
Physical description x, 415 pages
International Standard Book Number 9781118000496
Record control number 2001098194
797 2# - LOCAL ADDED ENTRY--CORPORATE NAME (RLIN)
Corporate name or jurisdiction name as entry element ebrary.
856 40 - ELECTRONIC LOCATION AND ACCESS
Uniform Resource Identifier <a href="http://site.ebrary.com/lib/rucke/Doc?id=10851670">http://site.ebrary.com/lib/rucke/Doc?id=10851670</a>
Public note An electronic book accessible through the World Wide Web; click to view

No items available.

© 2026 Rongo University
Contact us: librarian | system librarian | Rongo university